000 00653nam a2200205Ii 4500
003 JO-AjNU
008 230605s9999||||xx |||||||||||||| ||und||
040 _aJO-AjNU
_bara
_erda
_cJO-AjNU
041 _aara
050 1 4 _aHG4523.S5282 2022
100 3 _aالشمري، صادق راشد,
_eauthor
_963051
245 0 0 _aالمؤسسات المالية، ج2
250 _aط1
264 3 1 _aعمان: دار اليازوري للنشر والتوزيع، 2022
300 _a214ص
336 _atext
_btxt
_2rdacontent
337 _aunmediated
_bn
_2rdamedia
338 _avolume
_bnc
_2rdacarrier
650 4 _aالمؤسسات المالية
_963052
999 _aA28580
_c32148
_d32148